• 首页
  • 本馆介绍
  • 公告通知
  • 最新文献
  • 馆藏检索
  • 电子资源
  • 读者导购
  • 参考咨询
  • 我的图书馆
  • 登录
  • 详细信息显示
  • 放入我的书架
  • 预约/预借图书
  • 作者相关作品
  • 分类相关作品
  • 丛书相关作品
  • 出版社相关作品

书目信息

  • 表格格式
  • 工作单格式
  • 卡片格式
题名:
2017国家执业药师考试历年真题解析与避错
    
 
作者: ;国家执业药师资格考试研究组 编写
分册:  
出版信息: 北京   中国医药科技出版社  2017.04
页数: 224页
开本: 26cm
丛书名: 国家执业药师考试历年真题解析与避错
单 册:
中图分类: R95-44 , D922.164
科图分类:
主题词: 药政管理--yao zheng guan li--资格考试--题解 , 药事法规--yao shi fa gui--中国--资格考试--题解
电子资源:
ISBN: 978-7-5067-9194-6
000 01402nam 2200325 450
001 CAL 0120172182119
005 20171211152549.65
010    @a978-7-5067-9194-6@b@dCNY45.00
100    @a20170518d2017 em y0chiy50 ea
101 0  @achi
102    @aCN@b110000
105    @ak q 000yy
106    @ar
200 1  @a2017国家执业药师考试历年真题解析与避错@A2017 guo jia zhi ye yao shi kao shi li nian zhen ti jie xi yu bi cuo@e药事管理与法规@f国家执业药师资格考试研究组编写@g
205    @a第2版
210    @a北京@c中国医药科技出版社@d2017.04
215    @a224页@c@d26cm
225 2  @a国家执业药师考试历年真题解析与避错@Aguo jia zhi ye yao shi kao shi li nian zhen ti jie xi yu bi cuo@e2017
300    @a金牌药师
330    @a本书通过认真遴选了近十年真题, 书中保留了与最新版大纲要求高度吻合的考点相关题目, 增添了新考点的相关模拟题。主要内容包括: 执业药师与药品安全、医药卫生体制改革与国家基本药物制度等。
410  0 @12001 @a国家执业药师考试历年真题解析与避错 (2017)
517 1  @a药事管理与法规@Ayao shi guan li yu fa gui
606 0  @a药政管理@Ayao zheng guan li@x资格考试@j题解
606 0  @a药事法规@Ayao shi fa gui@y中国@x资格考试@j题解
690    @aR95-44@v5
690    @aD922.164@v5
711 02 @a国家执业药师资格考试研究组@Aguo jia zhi ye yao shi zi ge kao shi yan jiu zu@4编写
801  0 @aCN@b人天书店@c20170518@g
905    @aBZT@dR95-44@e4=2
906    @dCNY45.00@n3@r1
    
    2017国家执业药师考试历年真题解析与避错:药事管理与法规/国家执业药师资格考试研究组编写.-第2版.-北京:中国医药科技出版社,2017.04
    224页;26cm.-(国家执业药师考试历年真题解析与避错:2017)
    金牌药师
    
    ISBN 978-7-5067-9194-6:CNY45.00
    本书通过认真遴选了近十年真题, 书中保留了与最新版大纲要求高度吻合的考点相关题目, 增添了新考点的相关模拟题。主要内容包括: 执业药师与药品安全、医药卫生体制改革与国家基本药物制度等。
●
相关链接 在五车中查询图书 在当当中查询图书 在豆瓣中查询图书


正题名:2017国家执业药师考试历年真题解析与避错     索取号:R95-44/4=2         预约/预借

序号 登录号 条形码 馆藏地/架位号 状态 备注
1 840703   2000840703   第二书库/ [索取号:R95-44/4=2] 在馆    
2 840704   2000840704   第二书库/ [索取号:R95-44/4=2] 在馆    
3 840705   2000840705   第二书库/ [索取号:R95-44/4=2] 在馆    
山东省滨州职业学院图书馆 欢迎您!
大连网信软件有限公司© 版权所有